000 00990nam a2200241 i 4500
001 102966
003 ES-MaACL
005 20250425115157.0
007 t|
008 051222s1887 sp ||||1| spa d
080 _a32(460)"18"
100 1 _aCánovas del Castillo, Antonio,
_d1828-1897
_934600
245 1 0 _aDiscurso pronunciado en el Círculo Liberal Conservador en la tarde del 23 de octubre de 1887 /
_cpor el Excmo. Sr. D. Antonio Cánovas del Castillo.
260 _aMadrid :
_bLibrería de Miguel Guijarro,
_c1887.
300 _a56 p. ;
_c15 cm.
530 _aDisponible en formato digital.
650 4 _aPolítica-
_zEspaña-
_yS.XIX.
_9149874
710 2 _aCirculo Liberal Conservador (Madrid)
_9172705
852 _aES-MaACL
_j2200-F-12
_cDEPOF
_zRevisado enlace: 25 de Abril de 2025
856 _uhttps://www.bibliotecadigitaldeandalucia.es/catalogo/es/consulta/registro.do?id=8271
_yBiblioteca Virtual de Andalucía
942 _2udc
999 _c102966
_d102966